Andar ka aadmi (Record no. 69225)

000 -LEADER
fixed length control field 00398nam a22001577a 4500
003 - CONTROL NUMBER IDENTIFIER
control field NUST - PNEC
005 - DATE AND TIME OF LATEST TRANSACTION
control field 20170116181113.0
008 - FIXED-LENGTH DATA ELEMENTS--GENERAL INFORMATION
fixed length control field 151004b xxu||||| |||| 00| 0 eng d
040 ## - CATALOGING SOURCE
Transcribing agency LIBRARY
082 ## - DEWEY DECIMAL CLASSIFICATION NUMBER
Classification number 891.439 ILY
100 ## - MAIN ENTRY--PERSONAL NAME
9 (RLIN) 13062
Personal name Seetapuri, Ilyas
245 ## - TITLE STATEMENT
Title Andar ka aadmi
Statement of responsibility, etc. Seetapuri, Ilyas
260 ## - PUBLICATION, DISTRIBUTION, ETC.
Date of publication, distribution, etc. 2014
650 ## - SUBJECT ADDED ENTRY--TOPICAL TERM
9 (RLIN) 13060
Topical term or geographic name entry element Urdu literature
General subdivision General book
942 ## - ADDED ENTRY ELEMENTS (KOHA)
Source of classification or shelving scheme
Koha item type Book
Holdings
Withdrawn status Lost status Source of classification or shelving scheme Damaged status Not for loan Permanent Location Current Location Shelving location Date acquired Total Checkouts Full call number Barcode Date last seen Date last checked out Price effective from Koha item type
          Pakistan Navy Engineering College (PNEC) Pakistan Navy Engineering College (PNEC)     2 891.439 ILY PNECLIB-031903 02/26/2016 02/26/2016   Book
© 2023 Central Library, National University of Sciences and Technology. All Rights Reserved.